Rembrandt (Record no. 7877)

MARC details
000 -CABECERA
campo de control de longitud fija 00974nam a2200277 a 4500
001 - NÚMERO DE CONTROL
campo de control BRCA_8209
005 - FECHA Y HORA DE LA ÚLTIMA TRANSACCIÓN
campo de control 20190320210158.0
008 - DATOS DE LONGITUD FIJA--INFORMACIÓN GENERAL
campo de control de longitud fija 150514s1954----ne-a###f##---#000-0#dut-#
041 ## - CÓDIGO DE LENGUA
Código de lengua del texto/banda sonora o título independiente dut
044 ## - CÓDIGO DEL PAÍS DE LA ENTIDAD EDITORA/PRODUCTORA
Código MARC del país ne
050 #4 - SIGNATURA TOPOGRÁFICA DE LA BIBLIOTECA DEL CONGRESO
Número de clasificación ND653
Número de documento/Ítem .R46 3 1956
245 10 - MENCIÓN DE TÍTULO
Título Rembrandt
Resto del título tentoonstelling ter herdenking van de Geboorte van Rembrandt op 15 juli 1606
Mención de responsabilidad, etc. Rijkmuseum en Museum Boymans.
260 ## - PUBLICACIÓN, DISTRIBUCIÓN, ETC.
Lugar de publicación, distribución, etc. Amsterdam
Nombre del editor, distribuidor, etc. Rijkmuseum
Fecha de publicación, distribución, etc. 1956
300 ## - DESCRIPCIÓN FÍSICA
Extensión XI, 71 p.
Otras características físicas il., 32 láminas
Dimensiones 19 cm.
500 ## - NOTA GENERAL
Nota general Ver también U96 (Tekeningen) y U97 (Schilderigen)
500 ## - NOTA GENERAL
Nota general U98
505 0# - NOTA DE CONTENIDO CON FORMATO
Nota de contenido con formato Contenido: v.1. Tekeningen. -- v.2. Schilderijen. -- v.3. Etsen
600 14 - PUNTO DE ACCESO ADICIONAL DE MATERIA--NOMBRE DE PERSONA
Nombre de persona Rembrandt Hermanszoon van Rijn
Fechas asociadas al nombre 1606-1669
9 (RLIN) 20463
650 14 - PUNTO DE ACCESO ADICIONAL DE MATERIA--TÉRMINO DE MATERIA
Término de materia o nombre geográfico como elemento de entrada Pintores holandeses
9 (RLIN) 20464
650 14 - PUNTO DE ACCESO ADICIONAL DE MATERIA--TÉRMINO DE MATERIA
Término de materia o nombre geográfico como elemento de entrada Grabadores holandeses
9 (RLIN) 7366
650 14 - PUNTO DE ACCESO ADICIONAL DE MATERIA--TÉRMINO DE MATERIA
Término de materia o nombre geográfico como elemento de entrada Galerías y museos
Subdivisión geográfica Holanda
9 (RLIN) 7615
710 2# - PUNTO DE ACCESO ADICIONAL--NOMBRE DE ENTIDAD CORPORATIVA
Nombre de entidad corporativa o nombre de jurisdicción como elemento de entrada Rijkmuseum, Holanda
Término indicativo de función/relación ed.
9 (RLIN) 20465
710 2# - PUNTO DE ACCESO ADICIONAL--NOMBRE DE ENTIDAD CORPORATIVA
Nombre de entidad corporativa o nombre de jurisdicción como elemento de entrada Museum Boymans, Holanda
Término indicativo de función/relación ed.
9 (RLIN) 20466
902 ## - CATALOGADOR
Iniciales GFM
942 ## - ELEMENTOS DE PUNTO DE ACCESO ADICIONAL (KOHA)
Fuente del sistema de clasificación o colocación Library of Congress Classification
Tipo de ítem Koha Libros
Holdings
Estado de retiro Estado de pérdida Estado dañado No para préstamo Localización permanente Ubicación/localización actual Fecha de adquisición Número de inventario Total de préstamos Signatura topográfica completa Código de barras Fecha visto por última vez Precio válido a partir de Tipo de ítem Koha
El ejemplar forma parte de la colección y puede ser consultado según las políticas vigentes.       Biblioteca del Museo Franz Mayer (Rogerio Casas-Alatriste) Biblioteca del Museo Franz Mayer (Rogerio Casas-Alatriste) 15/05/2014 U98   ND653 .R46 3 1956 (U98) 8833 22/03/2019 22/03/2019 Libros